Statistiques concernant Les pays hispanophones

Cliquez ici pour prendre le quiz!

Statistiques générales

  • Ce quiz a été pris 23 539 fois
  • Le résultat moyen est 17 sur 22

Statistiques - réponses

pays% Correct
Espagne
99%
Argentine
96%
Chili
93%
Mexique
93%
Colombie
92%
Uruguay
90%
Pérou
89%
Venezuela
89%
Paraguay
88%
Bolivie
86%
Cuba
83%
Équateur
82%
Panama
82%
Costa Rica
81%
Honduras
79%
Guatemala
77%
Nicaragua
76%
Salvador
71%
Belize
67%
République dominicaine
59%
Andorre
48%
Guinée équatoriale
24%

Distribution des résultats

Percentile par nombre de réponses

% des personnes avec chaque résultat

Votre développement - résultats

Vous n’avez pas pris ce quiz